Представление документа в формате MARC21

Поле Инд. ПП Название Значение
Тип записи a
Библиографический уровень m
001 Контрольный номер 480c19670d7e4ff6a82d955c97e63f20
005 Дата корректировки 20260702151639.3
040 a Служба первич. каталог. 10013504
b Код языка каталог. rus
e Правила каталог. PSBO
041 0_ a Код языка текста rus
080 a Индекс УДК 669.0014
090 a Полочн. индекс 669(06)
x Авторский знак Н 766
r Идентификатор организации 10013504
245 10 a Заглавие Новые методы испытаний металлов. Химический контроль в металлургии. Металлографические исследования и механические испытания металлов
b Продолж. заглавия [сборник статей]
246 03 a Другая форма заглавия Сборник трудов ЦНИИЧМ
246 04 a Другая форма заглавия Новые методы испытаний металлов
246 03 a Другая форма заглавия Сборник трудов Центрального научно-исследовательского института черной металлургии им. И.П. Бардина
246 03 a Другая форма заглавия Труды ЦНИИЧМ - Вып. 66
246 03 a Другая форма заглавия Труды ЦНИИЧМ - 1969
246 03 a Другая форма заглавия Труды Центрального научно-исследовательского института черной металлургии им. И.П. Бардина
260 a Место издания Москва
b Издательство Металлургия
c Дата издания 1969
300 a Объем 136 с.
b Иллюстрации/ тип воспроизводства ил.
440 _0 a Серия Сборник трудов ЦНИИЧМ / (Сборник трудов ЦНИИЧМ / М-во черной металлургии СССР, Центральный научно-исследовательский ин-т черной металлургии им. И.П. Бардина
v N тома Вып. 66
504 a Библиография Библиогр. в конце статей
650 04 a Основная рубрика Металлы
x Основная подрубрика испытание
653 0_ a Ключевые слова МЕТАЛЛЫ - ИСПЫТАНИЯ
710 12 a Организация/ юрисдикция Центральный научно-исследовательский институт черной металлургии им. И.П. Бардина
901 t Тип документа m
952 a Тип литературы для КСУ ВШ КНР
c Вид литературы монография